[Event "BRA-ch U26 (Women)"]
[Site "Joinville"]
[Date "2023.10.13"]
[Round "6"]
[White "Mochnack, Jadyelle"]
[Black "Dos Santos, Jennifer Grazielly"]
[Result "0-1"]
[WhiteElo "1800"]
[BlackElo "1746"]
[PlyCount "77"]
[EventDate "2023.10.09"]
[EventType "swiss"]
[EventRounds "6"]
[EventCountry "BRA"]
[SourceTitle "CBM 216 Extra"]
[Source "ChessBase"]
[SourceDate "2023.11.30"]
[SourceVersion "1"]
[SourceVersionDate "2023.11.30"]
[SourceQuality "1"]

1. d4 e6 2. e4 d5 3. e5 c5 4. Nf3 Nc6 5. Bd3 cxd4 6. Bg5 Be7 7. Bf4 f6 8. exf6 Bxf6 9. 0-0 Nge7 10. Bg3 0-0 11. c3 Nf5 12. Bxf5 exf5 13. cxd4 Qb6 14. Bd6 Rd8 15. Bc5 Qxb2 16. Nbd2 b6 17. Rb1 Qc3 18. Rb3 Qa5 19. Ra3 Qb5 20. Bd6 Rxd6 21. Re1 Bd7 22. Rb3 Qa6 23. a3 Nxd4 24. Rd3 Qxd3 25. Re3 Nxf3+ 26. Rxf3 Qd4 27. Qe1 Re8 28. Re3 Rde6 29. Nf3 Qc5 30. Qb4 Qxb4 31. axb4 Rxe3 32. fxe3 Rxe3 33. Kf2 d4 34. Kg3 Be5+ 35. Kh3 f4+ 36. Kh4 Re2 37. g3 d3 38. gxf4 Bxf4 39. b5 0-1